Statistics for Countries of the world with no clues

Click here to take the quiz!

General Stats

  • This quiz has been taken 50 times
  • The average score is 30 of 192

Answer Stats

Answer% Correct
Niger
97%
North Korea
97%
North Macedonia
97%
Sao Tome & Principe
95%
USA
62%
St. Vincent & the Grenadines
54%
UK
49%
Russia
46%
China
41%
Canada
38%
South Korea
38%
Japan
33%
Mexico
33%
South Africa
33%
South Sudan
33%
Australia
31%
France
31%
UAE
31%
Brazil
28%
Iraq
28%
Italy
28%
Albania
26%
Germany
26%
India
26%
Iran
26%
Switzerland
26%
Turkey
26%
Afghanistan
23%
Andorra
23%
Denmark
23%
Netherlands
23%
Spain
23%
Sweden
23%
Algeria
21%
Belarus
21%
Finland
21%
Guatemala
21%
Iceland
21%
Ireland
21%
Norway
21%
Portugal
21%
San Marino
21%
Slovakia
21%
Vatican
21%
Bangladesh
18%
Bosnia & Herzegovina
18%
Bulgaria
18%
Chile
18%
Colombia
18%
Croatia
18%
Czechia
18%
Egypt
18%
Greece
18%
Indonesia
18%
Malaysia
18%
Peru
18%
Poland
18%
Romania
18%
Saudi Arabia
18%
Serbia
18%
Slovenia
18%
Antigua & Barbuda
15%
Armenia
15%
Barbados
15%
Belize
15%
Dominica
15%
Dominican Republic
15%
Hungary
15%
Jamaica
15%
Luxembourg
15%
Mali
15%
Malta
15%
Monaco
15%
Nigeria
15%
Oman
15%
Panama
15%
Qatar
15%
Singapore
15%
St. Kitts and Nevis
15%
Ukraine
15%
Bahamas
13%
Bahrain
13%
Chad
13%
Fiji
13%
Guyana
13%
Haiti
13%
Honduras
13%
Israel
13%
Jordan
13%
Latvia
13%
Lebanon
13%
Libya
13%
Lithuania
13%
Morocco
13%
Nepal
13%
Pakistan
13%
Paraguay
13%
Syria
13%
Tunisia
13%
Uruguay
13%
Yemen
13%
Zimbabwe
13%
Angola
10%
Azerbaijan
10%
Belgium
10%
Benin
10%
Bolivia
10%
Brunei
10%
Cuba
10%
Cyprus
10%
Democratic republic of the Congo
10%
Ecuador
10%
Gabon
10%
Guinea
10%
Kazakhstan
10%
Kuwait
10%
Laos
10%
Lesotho
10%
Liechtenstein
10%
Malawi
10%
Marshall Islands
10%
Moldova
10%
Mongolia
10%
Nicaragua
10%
Sudan
10%
Suriname
10%
Tajikistan
10%
Tonga
10%
Trinidad & Tobago
10%
Turkmenistan
10%
Uzbekistan
10%
Vietnam
10%
Zambia
10%
Bhutan
8%
Cambodia
8%
Central African Republic
8%
Costa Rica
8%
El Salvador
8%
Grenada
8%
Kenya
8%
Maldives
8%
Mauritania
8%
Mauritius
8%
Montenegro
8%
Namibia
8%
New Zealand
8%
Palau
8%
Samoa
8%
Sri Lanka
8%
Botswana
5%
Burkina Faso
5%
Congo
5%
Equatorial guinea
5%
Eswatini
5%
Ethiopia
5%
Kiribati
5%
Liberia
5%
Madagascar
5%
Palestine
5%
Papua New Guinea
5%
Rwanda
5%
Seychelles
5%
Solomon Islands
5%
Somalia
5%
St. Lucia
5%
Togo
5%
Venezuela
5%
Cabo Verde
3%
Cameroon
3%
Comoros
3%
Cote d"ivoire
3%
Djibouti
3%
Eritrea
3%
Gambia
3%
Micronesia
3%
Mozambique
3%
Myanmar
3%
Nauru
3%
Phillipines
3%
Sierra Leone
3%
Timor Lest
3%
Tuvalu
3%
Uganda
3%
Vanuatu
3%
Argenitna
0%
Burundi
0%
Gerogia
0%
Ghana
0%
Guniea-Bissau
0%
Kyrgyastan
0%
Senegal
0%
Tanzania
0%

Score Distribution

Percentile by Number Answered

Percent of People with Each Score

Your Score History

You have not taken this quiz